Stručný přehled dějin českého knihovnictví : určeno pro posluchače fakulty filologické /

Hlavní autor: Cejpek, Jiří, 1928-2005
Korporativní autor: Univerzita Karlova
Jazyk: Čeština
Vydáno: Praha : Státní pedagogické nakladatelství, 1957
Vydání: 1. vyd.
Edice: Učební texty vysokých škol
Externí odkaz: Digitalizovaný dokument
Fyzický popis: 102 s. ; 4°
Knihy
Uloženo v:
LEADER 01425nam a22003492a 4500
001 000153457
003 CZ BrMZK
005 20251211132723.0
007 ta
008 950101s1957 xr f cze d
015 |a cnb000512069 
035 |a (OCoLC)85319055 
040 |a ABA001  |b cze  |c KLG001  |d ABA001 
100 1 |a Cejpek, Jiří,  |d 1928-2005  |7 jk01020592  |4 aut 
245 1 0 |a Stručný přehled dějin českého knihovnictví :  |b určeno pro posluchače fakulty filologické /  |c Jiří Cejpek 
250 |a 1. vyd. 
260 |a Praha :  |b Státní pedagogické nakladatelství,  |c 1957 
300 |a 102 s. ;  |c 4° 
490 1 |a Učební texty vysokých škol 
500 |a Vyd. Karlova univ. v Praze 
500 |a 560 výt. 
504 |a Obsahuje bibliografii a poznámky 
710 2 |a Univerzita Karlova  |7 kn20010710036 
830 0 |a Učební texty vysokých škol 
856 4 1 |u http://www.digitalniknihovna.cz/mzk/uuid/uuid:0325a200-96d3-11e2-9a9f-005056827e51  |y Digitalizovaný dokument  |x NDK 
910 |a BOA001  |b 4-0391.909  |b PK-N-0002.700 
920 |a 000106217 
990 |a BK 
991 |b 201303 
996 7 |b 2619923888  |c 4-0391.909  |l MZK  |r Sklad / do 24 hodin  |n 7  |w 000153457  |u 000010  |a 1  |e BOA001  |j MZK50  |s A 
996 7 |b 2619923889  |c 4-0391.909  |l MZK  |r Sklad / do 24 hodin  |n 4  |w 000153457  |u 000020  |a 1  |e BOA001  |j MZK50  |s A 
996 7 |b 3119959153  |c PK-N-0002.700  |l MZK  |r Sklad / do 1 hodiny  |n 10  |w 000153457  |u 000040  |a 1  |e BOA001  |j MZK50  |s A